000 00537nam a22002057a 4500
003 OSt
005 20181108181113.0
008 181108b xxu||||| |||| 00| 0 eng d
020 _a9780748770366
040 _cDDC.
082 _a623CRE 2003.
100 _aCrecraft, david; Gorham,David;
_912736
245 _aElectronics:
250 _a2nd ed
260 _aunited kingdom.
_bNelson Thorns,
_c2003.
300 _axix,428p;
_bill.
_c27cm.
504 _aincludes summary and index.
650 _aphyisics.
_912737
942 _2ddc
_cO_SHELF
999 _c6172
_d6172